Quiz sur la Lozère - Statistiques

Statistiques générales
  • Ce quiz a été pris 530 fois
    502 depuis la dernière actualisation
  • Le résultat moyen est 15 sur 20
Statistiques - réponses
Question % Correct
Région Occitanie
98%
Numéro du département 48
97%
Préfecture et plus grande ville Mende
96%
Aveyron
87%
Gard
86%
Nom donné à la créature ayant ravagé le département au XVIIIème siècle. La Bête du Gévaudan
85%
Cantal
83%
Rivière prenant sa source dans le département et attirant de nombreux touristes pour ses impressionnantes gorges. Tarn
83%
Recette du département constitué d'une purée de pomme de terre et de tomme fraiche fondue. Aligot
80%
Départements limitrophes Ardèche
80%
Place occupée par la Lozère dans le classement des départements les plus peuplées. 101
78%
Parc national situé sur le département Parc national des Cévennes
78%
Massif montagneux s'étendant sur l'ensemble du département. Massif Central
77%
Gentilé Lozériens
75%
Haute-Loire
72%
Sous-préfecture Florac-Trois-Rivières
67%
Nombre d'habitants (arrondi à la dizaine de milliers d'habitants) 80 000 (76 520)
66%
Parc naturel régional du nord du département Parc naturel régional de l'Aubrac
54%
Film aux plus de 17 millions de spectateurs dont la scène finale a lieu à l'aérodrome de la préfecture. La Grande Vadrouille
52%
Ancienne à laquelle appartenait la Lozère jusqu'à la Révolution française. Languedoc
36%
Aucun quiz correspondant
Distribution des résultats
% des personnes avec chaque résultat
Percentile par nombre de réponses
Votre historique - résultats
Vous n’avez pas pris ce quiz depuis la dernière actualisation